The land and wildlife of North America / (Record no. 73856)
[ view plain ]
| 000 -LEADER | |
|---|---|
| fixed length control field | 00959nam a2200289 a 4500 |
| 001 - CONTROL NUMBER | |
| control field | 73856 |
| 003 - CONTROL NUMBER IDENTIFIER | |
| rucl marc code | BD-RjUL |
| 005 - DATE AND TIME OF LATEST TRANSACTION | |
| control field | 20211209082444.0 |
| 008 - FIXED-LENGTH DATA ELEMENTS--GENERAL INFORMATION | |
| fixed length control field | 170613s1969 nyua b 001 0 eng d |
| 035 ## - SYSTEM CONTROL NUMBER | |
| System control number | (BD-RjUL)74074 |
| 040 ## - CATALOGING SOURCE | |
| Original cataloging agency | DLC |
| Transcribing agency | PPi |
| Modifying agency | OCoLC |
| -- | NNM |
| -- | TxKT |
| -- | DLC |
| -- | BD-RjUL |
| Language of cataloging | eng |
| 041 ## - LANGUAGE CODE | |
| Language code of text/sound track or separate title | eng |
| 082 ## - DEWEY DECIMAL CLASSIFICATION NUMBER | |
| Edition number | 23 |
| Classification number | 508.73 |
| Author mark and year | FAL 1969 |
| 100 1# - MAIN ENTRY--PERSONAL NAME | |
| Personal name | Farb, Peter. |
| 9 (RLIN) | 35566 |
| 245 14 - TITLE STATEMENT | |
| Title | The land and wildlife of North America / |
| Statement of responsibility, etc. | by Peter Farb and the editors of Life. |
| 260 ## - PUBLICATION, DISTRIBUTION, ETC. (IMPRINT) | |
| Place of publication, distribution, etc. | New York : |
| Name of publisher, distributor, etc. | Time Inc., |
| Date of publication, distribution, etc. | c1969. |
| 300 ## - PHYSICAL DESCRIPTION | |
| Pagination | 200 p. : |
| Illustrations | ill. ; |
| Size | 29 cm. |
| 500 ## - GENERAL NOTE | |
| General note | "Time-Life Books." |
| General note | Originally published: 1964. |
| 504 ## - BIBLIOGRAPHY, ETC. NOTE | |
| Bibliography, etc | Includes bibliographical references (p. 197) and index. |
| 650 #0 - SUBJECT ADDED ENTRY--TOPICAL TERM | |
| Topical term or geographic name as entry element | Natural history |
| Geographic subdivision | North America. |
| 9 (RLIN) | 218701 |
| Topical term or geographic name as entry element | Wildlife conservation |
| Geographic subdivision | North America. |
| 9 (RLIN) | 218702 |
| 830 ## - SERIES ADDED ENTRY--UNIFORM TITLE | |
| Uniform title | Life nature library |
| 942 ## - ADDED ENTRY ELEMENTS (KOHA) | |
| Source of classification or shelving scheme | Dewey Decimal Classification |
| Koha item type | Books |
| Lost status | Source of classification or shelving scheme | Damaged status | Not for loan | Collection code | Permanent Location | Current Location | Shelving location | Date acquired | Source of acquisition | Cost, normal purchase price | Total Checkouts | Full call number | Date last seen | Copy number | Koha item type |
|---|---|---|---|---|---|---|---|---|---|---|---|---|---|---|---|
| Dewey Decimal Classification | Not For Loan | Non-fiction | Central Library, University of Rajshahi | Central Library, University of Rajshahi | Reading Room | 02/02/1974 | Paradise book stall | 28.00 | 508.73 FAL 1969 | 13/06/2017 | C-1 | Books |